| 000 | 01123pam a2200277 a 4500 | ||
|---|---|---|---|
| 999 |
_c330189 _d330189 |
||
| 001 | 2523619 | ||
| 003 | NUST | ||
| 005 | 20170613114110.0 | ||
| 008 | 930514s1993 fluaf b 001 0 eng | ||
| 010 | _a 93022831 | ||
| 020 | _a087371623X (acidfree paper) | ||
| 040 |
_aDLC _cDLC _dDLC |
||
| 050 | 0 | 0 |
_aQR48 _b.B47 1993 |
| 082 | 0 | 0 |
_a576 BER _220 |
| 100 | 1 |
_aBerk, Sharon G. _92532 |
|
| 245 | 1 | 0 |
_aWastewater organisms : _ba color atlas / _cSharon G. Berk and John H. Gunderson. |
| 260 |
_aBoca Raton, Fla. : _bLewis Publishers, _cc1993. |
||
| 300 |
_a25 p., [43] p. of plates : _bcol. ill. ; _c29 cm. |
||
| 500 | _aH.B | ||
| 504 | _aIncludes bibliographical references and index. | ||
| 650 | 0 |
_aSewage _xMicrobiology _xAtlases. _92533 |
|
| 700 | 1 |
_aGunderson, John H. _92534 |
|
| 856 | 4 | 2 |
_3Publisher description _uhttp://www.loc.gov/catdir/enhancements/fy0744/93022831-d.html |
| 906 |
_a7 _bcbc _corignew _d1 _eocip _f19 _gy-gencatlg |
||
| 942 |
_2ddc _cBK _kIESE |
||